Fr. Conceicao Rodrigues College of Engineering

NetBeans Platform 6.9 Developers guide (Record no. 25434)

MARC details
000 -LEADER
fixed length control field 00352nam a2200157Ia 4500
082 ## - DEWEY DECIMAL CLASSIFICATION NUMBER
Classification number 5.133
Item number PET
100 ## - MAIN ENTRY--PERSONAL NAME
Personal name Petri/Jurgen
245 ## - TITLE STATEMENT
Title NetBeans Platform 6.9 Developers guide
260 ## - PUBLICATION, DISTRIBUTION, ETC.
Name of publisher, distributor, etc. Packt open source
Date of publication, distribution, etc. 2010
366 ## - TRADE AVAILABILITY INFORMATION
Publishers's discount category 25
300 ## - PHYSICAL DESCRIPTION
Extent 273
546 ## - LANGUAGE NOTE
Language note ENGLISH
-- electronics
650 ## - SUBJECT ADDED ENTRY--TOPICAL TERM
Topical term or geographic name entry element NetBeans
654 ## - SUBJECT ADDED ENTRY--FACETED TOPICAL TERMS
Focus term netbeans
942 ## - ADDED ENTRY ELEMENTS (KOHA)
Koha item type BOOK
Holdings
Withdrawn status Lost status Damaged status Not for loan Collection Home library Current library Date acquired Source of acquisition Cost, normal purchase price Inventory number Total Checkouts Full call number Barcode Date last seen Cost, replacement price Price effective from Koha item type
        CRC Fr. Agnel's C.Rodrigues College of Engineering Fr. Agnel's C.Rodrigues College of Engineering 17/03/2023 Allied Publishers 337.50 1828 dt 08.01.2014   5.133 PET 23066 17/03/2023 450.00   BOOK
        CRC Fr. Agnel's C.Rodrigues College of Engineering Fr. Agnel's C.Rodrigues College of Engineering 17/03/2023 Allied Publishers 337.50 1828 dt 08.01.2014   5.133 PET 23067 17/03/2023 450.00   BOOK